Understanding nutrition
Salvato in:
| Autore principale: | |
|---|---|
| Altri autori: | |
| Natura: | Libro |
| Lingua: | inglese |
| Pubblicazione: |
Belmont
Wadsworth/Thomson Learning
2002
|
| Edizione: | 9th ed. |
| Soggetti: | |
| Tags: |
Nessun Tag, puoi essere il primo ad aggiungerne!!
|
MARC
| LEADER | 00000nam$a2200000$$$4500 | ||
|---|---|---|---|
| 001 | 0068843 | ||
| 005 | 20240311125701.7 | ||
| 020 | |a 0-534-59004-7 | ||
| 041 | 0 | |a eng | |
| 044 | |a US | ||
| 245 | 1 | 0 | |a Understanding nutrition |c Eleanor Noss Whitney, Sharon Rady Rolfes |
| 250 | |a 9th ed. | ||
| 264 | 1 | |a Belmont |b Wadsworth/Thomson Learning |c 2002 | |
| 300 | |a 697 s. |e 1 príl. (2002 Dietary reference intakes) | ||
| 610 | 2 | 0 | |a výživa |
| 610 | 2 | 0 | |a zdravie |
| 610 | 2 | 0 | |a stravovanie spoločné |
| 610 | 2 | 0 | |a potraviny |
| 610 | 2 | 0 | |a cukor |
| 610 | 2 | 0 | |a tuky |
| 610 | 2 | 0 | |a zelenina |
| 610 | 2 | 0 | |a ovocie |
| 610 | 2 | 0 | |a energia |
| 610 | 2 | 0 | |a voda |
| 610 | 2 | 0 | |a vitamíny |
| 610 | 2 | 0 | |a látky chemické |
| 610 | 2 | 0 | |a telovýchova |
| 610 | 2 | 0 | |a deti |
| 610 | 2 | 0 | |a chorobnosť |
| 610 | 2 | 0 | |a dospelí |
| 610 | 2 | 0 | |a hlad |
| 100 | 1 | |a Whitney, Eleanor Noss | |
| 700 | 1 | |a Rolfes, Sharon Rady | |